Les Chapitres de Harry Potter 6 - Statistiques

Statistiques générales
  • Ce quiz a été pris 822 fois
  • Le résultat moyen est 17 sur 30
Statistiques - réponses
Chapitre Réponse % Correct
4 Horace Slughorn
86%
9 Le prince de sang-mêlé
85%
14 Felix Felicis
76%
26 La caverne
73%
1 L'autre ministre
70%
23 Les horcruxes
70%
30 La tombe blanche
68%
7 Le club de Slug
67%
2 L'impasse du tisseur
67%
24 Sectumsempra
66%
15 Le serment inviolable
64%
29 La lamentation du phénix
63%
10 La maison des Gaunt
61%
27 La tour frappée par la foudre
61%
28 La fuite du prince
59%
6 L'escapade de Drago
55%
5 Fleurk
54%
11 La main secourable d'Hermione
53%
8 La victoire de Rogue
53%
22 Après l'enterrement
51%
17 Un souvenir brumeux
50%
12 Argent et opale
48%
16 Un Noël glacial
48%
3 Dernières volontés et mauvaise volonté
46%
19 Des elfes sur les talons
46%
13 Le secret de Jedusor
43%
25 A l'écoute de la voyante
42%
18 Surprises d'anniversaire
40%
21 La salle introuvable
39%
20 La requête de Lord Voldemort
38%
Aucun quiz correspondant
Distribution des résultats
% des personnes avec chaque résultat
Percentile par nombre de réponses
Votre historique - résultats
Vous n’avez pas pris ce quiz